El fantasma de Canterville (1887) = The canterville ghost (1887) /
Saved in:
| Hovedforfatter: | |
|---|---|
| Andre forfattere: | |
| Format: | Electronisk eBog |
| Sprog: | spansk engelsk |
| Udgivet: |
Barcelona :
Calambur Editorial,
[2025]
|
| Serier: | Colección Clásicos de la literatura española (Calambur Editorial)
|
| Fag: | |
| Online adgang: | Digitalia Hispánica |
| Tags: |
Tilføj Tag
Ingen Tags, Vær først til at tagge denne postø!
|
MARC
| LEADER | 00000nam a2200000Ii 4500 | ||
|---|---|---|---|
| 001 | DIGCALAM336 | ||
| 003 | NyNyDIG | ||
| 006 | m o d | ||
| 007 | cr ||||||||||| | ||
| 008 | 260205s2025 sp a o 000 f spa d | ||
| 035 | |a (OCoLC)1573973258 | ||
| 040 | |a DGITA |b eng |e rda |e pn |c DGITA | ||
| 020 | |z 9788483597262 | ||
| 041 | 1 | |a spa |h eng | |
| 050 | 1 | 4 | |a PR5810 ebook |
| 100 | 1 | |a Wilde, Oscar, |d 1854-1900, |e author. | |
| 245 | 1 | 3 | |a El fantasma de Canterville (1887) = |b The canterville ghost (1887) / |c Oscar Wilde ; traducción, Lluís Claret. |
| 246 | 3 | 1 | |a Canterville ghost (1887) |
| 264 | 1 | |a Barcelona : |b Calambur Editorial, |c [2025] | |
| 300 | |a 1 online resource : |b illustrations. | ||
| 336 | |a text |b txt |2 rdacontent | ||
| 337 | |a computer |b c |2 rdamedia | ||
| 338 | |a online resource |b cr |2 rdacarrier | ||
| 347 | |a text file |2 rdaft | ||
| 347 | |b PDF | ||
| 490 | 1 | |a Calambur clásicos | |
| 546 | |a Bilingual edition, in Spanish and English. | ||
| 588 | 0 | |a Online resource; title from PDF title page (Digitalia, viewed February 5, 2026) | |
| 655 | 7 | |a Fiction. |2 lcgft | |
| 700 | 1 | |a Claret Torrents, Lluis, |e translator. | |
| 700 | 1 | 2 | |i Container of (work): |a Wilde, Oscar, |d 1854-1900. |t Canterville ghost. |
| 700 | 1 | 2 | |i Container of (expression): |a Wilde, Oscar, |d 1854-1900. |t Canterville ghost. |l Spanish |s (Claret Torrents) |
| 791 | 2 | |a Digitalia (Firm), |e distributor. | |
| 793 | 0 | |g Digitalia eBook Collection: |a Editorial Calambur | |
| 776 | 0 | 8 | |i Print version: |a Wilde, Oscar, 1854-1900. |t Fantasma de Canterville (1887). |b Primera edición en Calambur. |d Barcelona : Calambur Editorial, [2025] |z 9788483597262 |
| 830 | 0 | |a Colección Clásicos de la literatura española (Calambur Editorial) | |
| 856 | 4 | 0 | |3 Digitalia Hispánica |u https://digitalia.unach.elogim.com/a/183358/ |
| 910 | |a Premium collection: 2026 | ||